00612nam a22001937a 4500003000900000008004100009020001500050040007100065082001500136100002200151245005100173260003400224300002500258505007600283650001800359650001200377650001500389650001400404AR-CdUCM190225b ||||| |||| 00| 0 spa d a8449964164 aMUNICIPALIDAD PROVINCIAL DEL CUSCOcBIBLIOTECA MUNICIPAL DEL CUSCO a889 /bP46 aPerse, Saint John aAnábasis y otros poemas /cPerse, Saint John aBuenos Aires :bOrbis,c1911. a159 paginas ;c20cm. aPara Acelerar una infancia -- Anabasis -- Cancion -- Exilio -- Mares... aLas campanas  aEl muro aLa ciudad  aLos loros